Teoría de la comunicación humana : interacciones, patologías y paradojas /

Guardado en:
Autor Principal: Watzlawick, Paul, 1921-2007.
Otros Autores: Beavin Bavelas, Janet, 1940-, Jackson, Don D. 1920-1968.
Formato: Libro
Idioma:Spanish
Publicado: Barcelona : Editorial Herder, 1997.
Edición:11a. ed.
Series:Biblioteca de psicología. Textos universitarios
Materias:
Etiquetas: Agregar Etiqueta
Sin Etiquetas, Sea el primero en etiquetar este registro!
LEADER 00835nam a22002175 4500
001 EAD.ead002109
008 080718s1997####sp############000#0#spa#d
005 20130701100216.0
245 1 0 |a Teoría de la comunicación humana :  |b interacciones, patologías y paradojas /  |c Paul Watzlawick, Janet Beavin Bavelas, Don D. Jackson. 
250 |a 11a. ed. 
260 |a Barcelona :  |b Editorial Herder,  |c 1997. 
300 |a 260 p. ;  |c 22 cm. 
490 0 |a Biblioteca de psicología. Textos universitarios 
500 |a Incluye glosario. 
020 |a 8425412056 
100 1 |a Watzlawick, Paul,  |d 1921-2007. 
700 1 |a Beavin Bavelas, Janet,  |d 1940- 
700 1 |a Jackson, Don D.  |q (Don De Avila),  |d 1920-1968. 
082 0 4 |a 153.6  |2 21 
650 7 |a Comunicación interpersonal.  |2 unbist 
859 |a AR-BaBDC  |b BIB. ADMINISTRACION - Libros  |h 153.6  |i W352a11  |p b04146